[Event "Chess House GM December 2019"]
[Site "Aarhus"]
[Date "2019.12.12"]
[Round "1.1"]
[White "Jacobsen, Mikkel Manosri"]
[Black "Danielsen, Henrik"]
[Result "0-1"]
[WhiteElo "2348"]
[BlackElo "2500"]
[Annotator "TA"]
[PlyCount "48"]
[EventDate "2019.12.11"]
[EventType "tourn"]
[EventCountry "DEN"]
[SourceTitle "playchess.com"]
[Source "ChessBase"]
[SourceQuality "1"]

{[%evp 11,50,23,18,19,26,11,31,0,6,-10,-27,-20,0,-41,-44,-146,-124,-110,-127,-173,-96,-186,-186,-192,-192,-185,-185,-189,-175,-236,-166,-173,-179,-153,-123,-129,-127,-182,-182,-170,-169]} 1. d4 g6 2. Nf3 Bg7 3. c4 f5 4. Nc3 Nf6 5. Qc2 d6 6. Bg5 O-O 7. Rd1 {A85: Dutch Defence: 2 c4 Nf6 3 Nc3} (7. h4 Nc6 8. d5 Ne5 9. Nxe5 dxe5 10. e4 h6 11. Bxf6 exf6 12. h5 fxe4 13. hxg6 f5 14. g4 e3 15. fxe3 {1-0 (27) Adly,A (2626)-Potapov,P (2516) St Petersburg 2018}) 7... Nc6 8. a3 h6 $146 ({Predecessor:} 8... e6 9. e3 Qe8 10. Be2 h6 11. Bxf6 Bxf6 12. O-O Qf7 {0-1 (48) Krnic,Z (2445)-Zarkovic,J (2395) Zlatibor 1989}) 9. Bxf6 {White is slightly better.} Bxf6 10. e4 e5 11. dxe5 Nxe5 12. Nxe5 Bxe5 13. exf5 (13. Rd2 $15) 13... Bxf5 14. Bd3 Qh4 $1 $36 {[%mdl 2048] Black is really pushing.} 15. g3 Bxd3 ({Don't do} 15... Bxc3+ 16. Qxc3 Qe7+ 17. Kd2 $17) ({Better is} 15... Qh3 $19 {aiming for ...Bg4.} 16. c5 Rae8 $1 {[%mdl 512]}) 16. Qxd3 (16. Rxd3 $17 {was worth a try.} Qxc4 17. O-O) 16... Bxc3+ $1 $19 17. bxc3 {[#]} Rae8+ $1 18. Kf1 Qe4 19. Qxe4 Rxe4 20. Rd4 (20. Rd3 $142) 20... Rxd4 21. cxd4 {KR-KR} Rf3 22. Ke2 Rc3 23. Rb1 b6 24. Rb4 (24. c5 $17) 24... a5 {Played: c7-c5} 0-1

[Event "Chess House GM December 2019"]
[Site "Aarhus"]
[Date "2019.12.12"]
[Round "1.2"]
[White "Thybo, Jesper Sondergaard"]
[Black "Ochsner, Bjorn Moller"]
[Result "1-0"]
[WhiteElo "2576"]
[BlackElo "2492"]
[Annotator "TA"]
[PlyCount "81"]
[EventDate "2019.12.11"]
[EventType "tourn"]
[EventCountry "DEN"]
[SourceTitle "playchess.com"]
[Source "ChessBase"]
[SourceQuality "1"]

{[%evp 21,81,12,22,4,4,16,25,-28,0,0,35,0,18,11,11,0,15,0,37,0,22,8,28,27,27,24,33,22,51,20,17,14,33,0,28,0,43,57,37,11,27,8,12,0,0,0,0,0,0,0,0,0,37,39,60,42,45,0,46,18,695,663]} 1. d4 Nf6 2. c4 e6 3. Nf3 d5 4. g3 Be7 5. Bg2 O-O 6. Nc3 dxc4 7. Ne5 Nc6 8. Bxc6 bxc6 9. Nxc6 Qe8 10. Nxe7+ Qxe7 11. Qa4 c5 12. dxc5 {E06: Closed Catalan: Early deviations} Qxc5 13. Be3 Qc7 14. O-O-O ({White should play} 14. Rd1) 14... Bd7 (14... Ng4 15. Rd2 Nxe3 16. fxe3 Rb8 17. Rhd1 a5 18. Kb1 h6 19. Ka1 Rb4 {1-0 (49) Caruana,F (2822)-Nakamura,H (2777) Saint Louis 2018}) 15. Qa3 Rfc8 16. Rd2 Bc6 17. f3 {[#]} a5 $146 ({Predecessor:} 17... Nd5 18. Bd4 a5 19. Qc5 Qb7 {1-0 (35) Oparin,G (2613)-Burg,T (2514) chess.com INT 2019}) 18. Bf4 Qb6 19. e4 Ne8 20. g4 (20. Qe7 {is interesting.} Rd8 21. Rhd1 Rxd2 22. Rxd2 h6 23. g4) 20... Qb4 (20... Nc7 {looks sharper.} 21. Bxc7 Rxc7 22. Rhd1 h6 23. h4 Qb4) 21. Rhd1 Qxa3 22. bxa3 f6 23. Rb2 e5 24. Be3 Rcb8 25. Rg2 Rb7 26. h4 Rab8 27. Bc5 Kf7 (27... Nc7 $5 {[%cal Rc7b5]}) 28. Rdd2 (28. a4 {with more complications.} Rc8 29. Rgd2 Rbb8 30. Kc2 Nc7 31. Rd7+) 28... Rd7 29. Rxd7+ Bxd7 30. a4 Bc6 31. Rd2 Ke6 32. Kd1 g6 33. Ke2 f5 34. exf5+ gxf5 35. g5 Rb7 36. Kf2 Kf7 37. Re2 e4 38. fxe4 fxe4 39. Bd4 Kg6 40. Nxe4 Re7 $2 {[%mdl 8192] [#]} (40... Rf7+ $11 41. Ke3 Re7) 41. h5+ $1 {[%mdl 512] Accuracy: White = 46%, Black = 33%.} 1-0

[Event "Chess House GM December 2019"]
[Site "Aarhus"]
[Date "2019.12.12"]
[Round "1.3"]
[White "Smith, Axel"]
[Black "Pakleza, Zbigniew"]
[Result "1/2-1/2"]
[WhiteElo "2470"]
[BlackElo "2503"]
[Annotator "TA"]
[PlyCount "58"]
[EventDate "2019.12.11"]
[EventType "tourn"]
[EventCountry "DEN"]
[SourceTitle "playchess.com"]
[Source "ChessBase"]
[SourceQuality "1"]

{[%evp 17,58,12,19,28,16,12,12,20,24,8,9,12,12,11,12,15,22,25,39,29,44,40,32,17,53,37,26,0,0,-2,0,0,0,0,0,13,10,0,0,0,13,0,0]} 1. e4 c6 2. d4 d5 3. exd5 cxd5 4. c4 Nf6 5. Nc3 e6 6. Nf3 Bb4 7. cxd5 exd5 8. Bd3 O-O 9. Ne5 Nc6 10. O-O {B14: Caro-Kann: Panov-Botvinnik Attack with 5...e6 and 5...g6} h6 11. Nxc6 bxc6 12. Bf4 Re8 13. Qc2 $146 ({Predecessor:} 13. Rc1 Bd6 14. Bg3 Rb8 15. Na4 Bxg3 16. hxg3 Qd6 17. a3 {1-0 (49) Artemiev,V (2709)-Korobov,A (2698) St Petersburg 2018}) 13... Bd6 14. Bxd6 Qxd6 15. Rfe1 Bd7 16. Qd2 Rab8 17. a3 c5 18. dxc5 Qxc5 19. b4 Qb6 20. h3 (20. Rxe8+ {seems wilder.} Rxe8 21. Rd1 d4 22. Ne2 Bg4 23. f3) 20... Red8 21. Rab1 d4 22. Ne4 (22. Ne2 {keeps more tension.} a6 23. Rbc1 Bb5 24. Red1 Ba4 25. Rf1) 22... Nxe4 {The position is equal.} 23. Bxe4 Be6 24. Rbc1 Rbc8 25. Red1 Bc4 26. Bf5 Rc6 27. Be4 Rcc8 28. Bf5 Rc6 29. Be4 Rcc8 {Accuracy: White = 66%, Black = 65%.} 1/2-1/2

[Event "Chess House GM December 2019"]
[Site "Aarhus"]
[Date "2019.12.12"]
[Round "1.4"]
[White "Vinter-Schou, Uffe"]
[Black "Svane, Frederik"]
[Result "0-1"]
[WhiteElo "2359"]
[BlackElo "2398"]
[Annotator "ChessBase"]
[PlyCount "52"]
[EventDate "2019.12.11"]
[EventType "tourn"]
[EventCountry "DEN"]
[SourceTitle "playchess.com"]
[Source "ChessBase"]
[SourceQuality "1"]
[TimeControl "40/5400+30:1800+30"]

1. c4 {[%emt 0:00:00]} e5 {[%emt 0:02:19]} 2. Nc3 {[%emt 0:00:00]} Nf6 {[%emt 0:00:33]} 3. Nf3 {[%emt 0:00:09]} Nc6 {[%emt 0:00:09]} 4. e3 {[%emt 0:00:24]} Bb4 {[%emt 0:00:06]} 5. Qc2 {[%emt 0:00:24]} O-O {[%emt 0:00:38]} 6. Nd5 {[%emt 0:04:17]} Re8 {[%emt 0:00:06]} 7. Qf5 {[%emt 0:01:27]} d6 {[%emt 0:24:56]} 8. Nxf6+ {[%emt 0:00:11]} gxf6 {[%emt 0:01:08]} 9. Qh5 {[%emt 0:00:13]} e4 {[%emt 0:03:23]} 10. a3 {[%emt 0:01:05]} exf3 {[%emt 0:02:47]} 11. Bd3 {[%emt 0:06:53]} f5 {[%emt 0:19:17]} 12. gxf3 {[%emt 0:19:58]} Bc5 {[%emt 0:05:45]} 13. Kf1 {[%emt 0:04:36]} Qf6 {[%emt 0:04:58]} 14. Rb1 {[%emt 0:03:34]} Ne5 {[%emt 0:04:38]} 15. Bc2 {[%emt 0:18:19]} Ng6 {[%emt 0:08:05]} 16. Rg1 {[%emt 0:14:22]} f4 {[%emt 0:08:24]} 17. d4 {[%emt 0:07:07]} fxe3 {[%emt 0:02:53]} 18. fxe3 {[%emt 0:02:40]} Bxd4 {[%emt 0:03:13]} 19. exd4 {[%emt 0:00:21]} Qxd4 {[%emt 0:00:02]} 20. Bxg6 {[%emt 0:04:43]} Re1+ {[%emt 0:00:39]} 21. Kxe1 {[%emt 0:00:07]} Qxg1+ {[%emt 0:00:04]} 22. Ke2 {[%emt 0:00:17]} hxg6 {[%emt 0:00:19]} 23. Qg5 {[%emt 0:05:44]} Qxh2+ {[%emt 0:00:07]} 24. Kd1 {[%emt 0:02:02]} Bf5 {[%emt 0:00:10]} 25. Ra1 {[%emt 0:00:06]} Re8 {[%emt 0:02:12]} 26. Be3 {[%emt 0:00:35]} Bd3 {[%emt 0:00:07]} 0-1

[Event "Chess House GM December 2019"]
[Site "Aarhus"]
[Date "2019.12.12"]
[Round "1.5"]
[White "Olsen, Filip Boe"]
[Black "Vasli, Aref"]
[Result "1/2-1/2"]
[WhiteElo "2341"]
[BlackElo "2413"]
[Annotator "ChessBase"]
[PlyCount "67"]
[EventDate "2019.12.11"]
[EventType "tourn"]
[EventCountry "DEN"]
[SourceTitle "playchess.com"]
[Source "ChessBase"]
[SourceQuality "1"]
[TimeControl "40/5400+30:1800+30"]

1. Nf3 {[%emt 0:00:00]} Nf6 {[%emt 0:00:00]} 2. c4 {[%emt 0:00:00]} e6 {[%emt 0:00:21]} 3. g3 {[%emt 0:00:10]} d5 {[%emt 0:00:41]} 4. Bg2 {[%emt 0:00:27]} Be7 {[%emt 0:01:05]} 5. d4 {[%emt 0:00:19]} dxc4 {[%emt 0:03:13]} 6. Ne5 {[%emt 0:01:36]} O-O {[%emt 0:00:57]} 7. Nc3 {[%emt 0:00:50]} Nc6 {[%emt 0:02:13]} 8. Bxc6 {[%emt 0:00:30]} bxc6 9. Nxc6 {[%emt 0:00:27]} Qe8 {[%emt 0:02:05]} 10. Nxe7+ Qxe7 {[%emt 0:00:02]} 11. Qa4 {[%emt 0:00:43]} c5 {[%emt 0:22:22]} 12. dxc5 Qxc5 {[%emt 0:00:23]} 13. Be3 {[%emt 0:00:53]} Qc7 {[%emt 0:00:33]} 14. f3 {[%emt 0:03:05]} Bb7 {[%emt 0:10:25]} 15. O-O-O {[%emt 0:05:06]} Nd5 {[%emt 0:06:16]} 16. Bd4 {[%emt 0:05:57]} Rfd8 {[%emt 0:07:35]} 17. Nxd5 {[%emt 0:05:37]} Rxd5 {[%emt 0:02:49]} 18. Bc3 {[%emt 0:04:19]} Qc5 {[%emt 0:06:20]} 19. Rxd5 {[%emt 0:18:19]} Bxd5 {[%emt 0:03:02]} 20. Qd1 {[%emt 0:03:41]} Bc6 {[%emt 0:08:01]} 21. Qd4 {[%emt 0:05:46]} Qxd4 {[%emt 0:01:47]} 22. Bxd4 {[%emt 0:00:02]} e5 {[%emt 0:01:43]} 23. Bc5 {[%emt 0:05:31]} Ba4 {[%emt 0:04:47]} 24. Kd2 {[%emt 0:01:59]} a6 {[%emt 0:00:14]} 25. Rc1 {[%emt 0:04:23]} Rd8+ {[%emt 0:00:23]} 26. Ke3 {[%emt 0:00:39]} Bb5 {[%emt 0:00:43]} 27. Bb6 {[%emt 0:05:36]} Rd6 {[%emt 0:02:40]} 28. Bc7 {[%emt 0:00:50]} Rd7 {[%emt 0:00:20]} 29. Ba5 {[%emt 0:00:43]} f6 {[%emt 0:00:06]} 30. a4 {[%emt 0:01:38]} Bxa4 {[%emt 0:00:07]} 31. Rxc4 {[%emt 0:00:07]} Bb5 {[%emt 0:00:09]} 32. Rc8+ {[%emt 0:00:05]} Kf7 {[%emt 0:00:06]} 33. Rc7 {[%emt 0:00:10]} Rxc7 {[%emt 0:00:05]} 34. Bxc7 {[%emt 0:00:05]} 1/2-1/2

[Event "Chess House GM December 2019"]
[Site "Aarhus"]
[Date "2019.12.12"]
[Round "2.1"]
[White "Jacobsen, Mikkel Manosri"]
[Black "Thybo, Jesper Sondergaard"]
[Result "0-1"]
[WhiteElo "2348"]
[BlackElo "2576"]
[Annotator "RC"]
[PlyCount "82"]
[EventDate "2019.12.11"]
[EventType "tourn"]
[EventCountry "DEN"]
[SourceTitle "playchess.com"]
[Source "ChessBase"]
[SourceQuality "1"]
[TimeControl "40/5400+30:1800+30"]

1. d4 {[%emt 0:00:00]} Nf6 {[%emt 0:00:00]} 2. c4 {[%emt 0:00:00]} e6 {[%emt 0:00:00]} 3. Nf3 {[%emt 0:00:00]} c5 {[%emt 0:00:00]} 4. d5 {[%emt 0:00:10]} exd5 {[%emt 0:00:00]} 5. cxd5 {[%emt 0:00:04]} d6 {[%emt 0:00:00]} 6. Nc3 {[%emt 0:00:05]} g6 {[%emt 0:00:08]} 7. e4 {[%emt 0:00:05]} a6 {[%emt 0:00:11]} 8. a4 {[%emt 0:00:05]} Bg4 {[%emt 0:00:09]} 9. Be2 {[%emt 0:01:27]} Bxf3 {[%emt 0:00:07]} 10. Bxf3 {[%emt 0:00:05]} Nbd7 {[%emt 0:00:06]} 11. Bf4 {[%emt 0:03:08]} Qe7 {[%emt 0:00:07]} 12. O-O {[%emt 0:06:22]} Bg7 {[%emt 0:00:05]} 13. Ra3 {[%emt 0:07:57]} O-O {[%emt 0:02:59]} 14. a5 {[%emt 0:07:23]} Rab8 {[%emt 0:06:30]} 15. Re1 {[%emt 0:18:30]} h6 {[%emt 0:03:14]} 16. Na4 {[%emt 0:03:01]} Rfe8 {[%emt 0:06:22]} 17. Rae3 {[%emt 0:06:03]} Nh7 {[%emt 0:05:11]} 18. Bg4 {[%emt 0:07:01]} Nhf8 {[%emt 0:07:37]} 19. Bh3 {[%emt 0:11:14]} h5 {[%emt 0:04:43]} 20. R3e2 {[%emt 0:01:39]} Be5 {[%emt 0:15:56]} 21. Bc1 {[%emt 0:04:07]} Qh4 {[%emt 0:04:06]} 22. Qd2 {[%emt 0:00:59]} b5 {[%emt 0:01:43]} 23. axb6 {[%emt 0:05:57]} Nxb6 {[%emt 0:00:15]} 24. Nxb6 {[%emt 0:03:39]} Rxb6 {[%emt 0:00:07]} 25. f4 {[%emt 0:00:32]} Bd4+ {[%emt 0:05:18]} 26. Kh1 {[%emt 0:00:06]} Qf6 {[%emt 0:12:27]} 27. g3 {[%emt 0:03:05]} h4 {[%emt 0:01:51]} 28. Qa5 {[%emt 0:05:49]} Rb3 {[%emt 0:08:05]} 29. Qa4 {[%emt 0:02:55]} Reb8 {[%emt 0:00:19]} 30. e5 {[%emt 0:00:17]} dxe5 {[%emt 0:00:44]} 31. fxe5 {[%emt 0:00:02]} Qh8 {[%emt 0:00:16]} 32. e6 {[%emt 0:02:09]} hxg3 {[%emt 0:00:50]} 33. e7 {[%emt 0:01:47]} Qxh3 {[%emt 0:01:02]} 34. exf8=Q+ {[%emt 0:00:40]} Rxf8 {[%emt 0:00:18]} 35. Rg2 {[%emt 0:00:22]} Rf3 {[%emt 0:01:31]} 36. d6 {[%emt 0:00:44]} Qe6 {[%emt 0:02:22]} 37. Qd1 {[%emt 0:00:22]} Qd5 {[%emt 0:03:32]} 38. Be3 {[%emt 0:00:03]} Rd8 {[%emt 0:01:36]} 39. b4 {[%emt 0:01:03]} Rxd6 {[%emt 0:04:15]} 40. Bxd4 {[%emt 0:00:32]} cxd4 {[%emt 0:00:14]} 41. Re8+ {[%emt 0:00:56]} Kg7 {[%emt 0:00:17]} 0-1

[Event "Chess House GM December 2019"]
[Site "Aarhus"]
[Date "2019.12.12"]
[Round "2.2"]
[White "Ochsner, Bjorn Moller"]
[Black "Smith, Axel"]
[Result "1/2-1/2"]
[WhiteElo "2492"]
[BlackElo "2470"]
[Annotator "TA"]
[PlyCount "75"]
[EventDate "2019.12.11"]
[EventType "tourn"]
[EventCountry "DEN"]
[SourceTitle "playchess.com"]
[Source "ChessBase"]
[SourceQuality "1"]

{[%evp 11,75,0,0,0,7,3,57,20,30,0,2,0,0,0,0,-24,0,-20,15,10,13,-20,-25,-6,-13,-11,27,20,27,28,14,25,22,0,0,0,0,0,-5,-7,0,-6,-6,-8,-12,-9,-10,-9,-6,-7,-2,-4,-5,-6,-11,-24,-31,-29,-31,-26,-31,-28,-5,-5,-3,-14]} 1. e4 e5 2. Bc4 Nf6 3. d3 Nc6 4. Nc3 Na5 5. Bb3 Nxb3 6. axb3 Bb4 7. Nge2 {C28: Vienna Game: 2...Nf6 3 Bc4 Nc6} d5 8. O-O (8. exd5 Nxd5 9. O-O O-O 10. Bd2 Be7 11. Re1 Nb4 12. Ng3 f6 13. f4 Bc5+ 14. Kh1 Bf2 15. Re4 c5 16. fxe5 Bxg3 17. hxg3 Bf5 18. Re1 fxe5 {½-½ (75) Mamedov,R (2703)-Bosiocic,M (2599) St Petersburg 2018}) 8... c6 (8... O-O $11) 9. exd5 $146 {White is slightly better.} (9. d4 {keeps more tension.} Nxe4 10. Nxe4 dxe4 11. dxe5 Qxd1 12. Rxd1 Bg4 13. Kf1) ({Predecessor:} 9. Bg5 Be7 10. Bxf6 Bxf6 11. exd5 cxd5 12. d4 exd4 13. Nxd4 {½-½ (28) Roberts,P (2185)-Hulmes,D Preston 2003}) 9... Nxd5 10. d4 (10. Nxd5 {is interesting.} cxd5 11. f4 exf4 12. Nxf4 O-O 13. Qf3) 10... Nxc3 11. bxc3 Bd6 12. dxe5 Bxe5 13. Qxd8+ (13. Ba3 {seems wilder.} Qxd1 14. Rfxd1 f6 15. h3 a5 16. Bb4) 13... Kxd8 14. Be3 a6 15. f4 Bd6 16. Bb6+ Bc7 $1 {[%cal Rc7b6]} 17. Bd4 f6 18. Ng3 Ke7 19. Bc5+ Kf7 20. Rae1 Bd8 21. Ne4 Bc7 22. Nd2 {[#] Strongly threatening Re7+.} Kg6 23. Re7 Bd8 24. Re3 h5 25. Nc4 $132 {[%mdl 2048] White is fighting back} h4 26. Nd6 {Hoping for f5+.} Rh5 27. Re8 ({But not} 27. Nxc8 Rxc5 28. Nd6 Rd5 $17) 27... Bd7 28. f5+ $1 Rxf5 29. Rxf5 {[#] aiming for Rxd8.} Bxe8 30. Rf4 Bd7 {next ...b6 is good for Black.} 31. Nxb7 {Threatens to win with Rd4.} Bc7 32. Rxh4 Bf5 33. Nd6 Bxc2 34. Rg4+ Kh7 {White must now prevent ...a5.} 35. b4 $1 a5 36. bxa5 $1 Bxd6 37. Bxd6 Rxa5 38. Bf8 {Accuracy: White = 62%, Black = 69%.} 1/2-1/2

[Event "Chess House GM December 2019"]
[Site "Aarhus"]
[Date "2019.12.12"]
[Round "2.3"]
[White "Pakleza, Zbigniew"]
[Black "Olsen, Filip Boe"]
[Result "1/2-1/2"]
[WhiteElo "2503"]
[BlackElo "2341"]
[Annotator "TA"]
[PlyCount "24"]
[EventDate "2019.12.11"]
[EventType "tourn"]
[EventCountry "DEN"]
[SourceTitle "playchess.com"]
[Source "ChessBase"]
[SourceQuality "1"]

{[%evp 23,24,-3,0]} 1. d4 d5 2. Nf3 Nf6 3. Bf4 c5 4. c3 Nc6 5. e3 Qb6 6. Qb3 c4 7. Qxb6 axb6 8. Na3 Bf5 9. Nh4 $146 ({Predecessor:} 9. Nb5 Kd7 10. Be2 e6 11. O-O Ra5 12. a4 Bc2 13. Ng5 Bg6 14. Rfc1 Be7 15. Nf3 Rha8 16. Nc7 Rc8 {0-1 (35) Javakhishvili,L (2465)-Girya,O (2482) Tbilisi 2018}) 9... Bd7 10. Nf3 Bf5 11. Nh4 Bd7 12. Nf3 Bf5 1/2-1/2

[Event "Chess House GM December 2019"]
[Site "Aarhus"]
[Date "2019.12.12"]
[Round "2.4"]
[White "Vasli, Aref"]
[Black "Vinter-Schou, Uffe"]
[Result "0-1"]
[WhiteElo "2413"]
[BlackElo "2359"]
[Annotator "TA"]
[PlyCount "108"]
[EventDate "2019.12.11"]
[EventType "tourn"]
[EventCountry "DEN"]
[SourceTitle "playchess.com"]
[Source "ChessBase"]
[SourceQuality "1"]

{[%evp 11,126,29,31,13,35,27,28,21,18,21,82,62,72,0,13,0,0,0,16,-7,0,0,0,0,16,3,4,0,13,0,117,114,150,129,124,32,22,0,0,0,0,0,0,0,0,0,0,0,0,0,92,106,217,0,0,0,7,-174,-202,-191,-206,-208,-212,-195,-208,-208,-208,-202,-198,-276,-276,-395,-365,-312,-276,-672,-681,-564,-582,-556,-443,-601,-582,-3218,-1700,-853,-181,-181,-176,-29957,-29956,-29953,-29940,-29942,-29944,-12104,-7351,-29951,-3268,-29963,-29964,-29964,-29960,-29956,-12104,-29968,-29967,-29967,-29968,-29967,-29965,-29960,-29958,-6027,-4139,-29985,-29986]} 1. e4 g6 2. d4 Bg7 3. Nc3 c6 4. Nf3 d5 5. h3 Nh6 6. exd5 cxd5 7. Bb5+ {B15: Caro-Kann: 3 Nc3: 3...g6 and 3...dxe4 4 Nxe4 Nf6 5 Nxf6+ exf6} Bd7 (7... Nc6 8. Ne5 Bd7 9. Bxc6 Bxc6 10. Bxh6 Bxh6 11. Nxc6 bxc6 12. Na4 O-O 13. O-O Qd6 14. Qg4 Bg7 {1-0 (54) Jones,G (2660)-Aloma Vidal,R (2457) Porticcio 2017}) 8. Bxd7+ Qxd7 9. Ne5 {White has an edge.} Qe6 $146 ({Predecessor:} 9... Bxe5 10. dxe5 d4 11. Bxh6 dxc3 12. Qxd7+ Nxd7 13. bxc3 Rc8 14. O-O-O Rg8 {0-1 (39) Mizik,T (2064)-Hajbok,R (2345) Hungary 2013}) 10. O-O Nc6 (10... Nf5 $11) 11. Re1 {And now Bxh6 would win.} Nf5 12. Nb5 (12. Nxc6 $1 $16 Qxc6 13. g4) 12... Qc8 $1 $11 13. Bf4 O-O 14. Nf3 e6 15. Nd6 Nxd6 16. Bxd6 Rd8 17. Bf4 Na5 18. h4 h5 19. b3 Qc3 20. Re3 Qb4 (20... Qc8 $1 $11 {keeps the balance.}) 21. c3 Qb6 22. Ng5 $1 Nc6 {[%cal Rc6d4]} 23. g4 (23. Qf3 $1 $16) 23... e5 $1 $14 {[%cal Re5f4]} 24. Bxe5 Nxe5 (24... f6 $2 25. Bxf6 $1 {[%mdl 512]} Bxf6 26. Qc2 $16) 25. dxe5 {Hoping for e6.} d4 26. Re1 $36 {[%mdl 2048] White is pushing.} dxc3 27. Qf3 {[%mdl 64] Double Attack} f6 28. exf6 Qxf6 29. Qxb7 c2 30. Rac1 Rac8 (30... Rab8 $1 $11 31. Qc7 Rb4) 31. gxh5 $16 {Black must now prevent h6.} Rf8 (31... Rb8 $16 {was worth a try.} 32. Qxa7 Ra8) 32. Qd5+ $2 {[#]} ({Inferior is} 32. Qxa7 Qd4 $11) ({White must play} 32. Re2 $18 {Strongly threatening h6.} gxh5 33. Rexc2 Rxc2 34. Qd5+ (34. Rxc2 Qd4 $16) 34... Qf7 35. Qxf7+ (35. Nxf7 $2 Rxc1+ 36. Kh2 Rxf7 $19) 35... Rxf7 36. Rxc2) 32... Kh8 $1 $11 {[%mdl 512]} 33. Qd2 Qf5 {...Qg4+ is the strong threat.} 34. Kf1 $2 (34. Re4 $11 {and White stays safe.} Bf6 35. hxg6) 34... Bc3 $19 ({Stronger than} 34... gxh5 35. Re4 $16) 35. Qxc2 Qxc2 36. Rxc2 {aiming for Rec1.} Bxe1 37. Rxc8 Rxc8 38. Kxe1 gxh5 {[%mdl 4096] Endgame KR-KN} 39. Kd2 Kg7 {[%mdl 1024] Black has strong compensation.} 40. Ne4 (40. Ne6+ $142 Kg6 41. Nf4+ Kf5 42. Nxh5) 40... Kg6 41. Ng3 (41. Ke3 {keeps fighting.}) 41... Rd8+ 42. Ke3 Rd1 43. f4 $2 (43. Ne2) 43... Ra1 44. f5+ Kh6 45. f6 Kg6 46. f7 Kxf7 47. Nxh5 Rxa2 48. Kd3 Rh2 $2 (48... Rb2 49. Nf4 Rxb3+ 50. Kc4 Rf3) 49. Nf4 Rxh4 50. Ne2 $2 {[#]} (50. Ng2 $19 Rh1 51. Kc4) 50... Ke6 $1 {[%cal Re6d5]} 51. Nc3 Rb4 52. Kc2 {[#]} Ke5 $1 {[%cal Re5d4]} 53. Kb2 Kd4 54. Na4 Rb5 {Played: Rb4-b8} 0-1

[Event "Chess House GM December 2019"]
[Site "Aarhus"]
[Date "2019.12.12"]
[Round "2.5"]
[White "Danielsen, Henrik"]
[Black "Svane, Frederik"]
[Result "1/2-1/2"]
[WhiteElo "2500"]
[BlackElo "2398"]
[Annotator "TA"]
[PlyCount "99"]
[EventDate "2019.12.11"]
[EventType "tourn"]
[EventCountry "DEN"]
[SourceTitle "playchess.com"]
[Source "ChessBase"]
[SourceQuality "1"]

{[%evp 11,99,-10,-14,-12,-8,-12,0,0,0,0,21,-47,-47,-43,-54,-55,-50,-52,-47,-51,23,35,48,47,49,48,49,54,40,0,0,0,0,0,0,-88,-87,-69,-78,-108,-96,-129,-116,-125,54,63,53,54,57,8,10,0,0,0,0,0,0,0,0,0,0,0,315,145,366,242,245,191,206,145,246,222,229,222,225,158,157,113,107,0,0,0,0,0,0,0,0,0,0,0]} 1. Nf3 c5 2. g3 Nc6 3. Bg2 g6 4. O-O Bg7 5. c3 e5 6. e4 Nge7 7. Na3 {A04: Unusual lines after 1 Nf3 and King's Indian Attack} O-O 8. Re1 d5 9. exd5 Nxd5 10. d3 Bf5 $146 ({Predecessor:} 10... h6 11. Nc4 Re8 12. a4 Bf5 13. Qb3 Bxd3 14. Nfd2 Nb6 15. a5 Nxc4 16. Nxc4 e4 17. Qxb7 Qd5 18. Bf4 Bxc4 19. Rad1 Nd4 20. Qxd5 Bxd5 21. cxd4 cxd4 {0-1 (42) Ris,R (2412)-Cheparinov,I (2695) Dubai 2016}) 11. Ng5 ({White should play} 11. Nc4 $11) 11... h6 $15 12. Ne4 b6 13. Nc4 Be6 14. a4 Qc7 15. a5 f5 (15... Rad8 $15) 16. Ned6 $11 Rfd8 17. axb6 Nxb6 18. Nb5 Qd7 19. Nxa7 Rxa7 20. Bxc6 Qxc6 21. Nxe5 Bxe5 22. Rxa7 Bg7 23. Qd2 (23. Bf4 $11 {keeps the balance.}) 23... Rd7 $17 24. Rxd7 Nxd7 25. f4 Nf6 {[%mdl 1024] Black has strong compensation.} 26. Qe2 {[#]} Bc8 $1 27. h3 Bb7 $2 (27... Kh7 $17 28. Be3 Bb7) 28. Qe6+ $14 Kf8 {[%csl Gb7][%cal Rc6g2]} 29. Qxc6 Bxc6 30. Re5 Nd7 31. Re6 {[%mdl 64] [#] Double Attack} Bb5 32. c4 Kf7 33. Re1 Ba4 34. Kf2 h5 35. Ke2 Bd4 36. h4 Bb3 $2 {[%mdl 8192]} (36... Ke6 $11 {and Black is okay.}) 37. Bd2 (37. Be3 $18 {has better winning chances.}) 37... Nb8 $2 (37... Nb6 $16) 38. Bc3 Bxc3 39. bxc3 {Hoping for Rb1.} Ba4 40. Ra1 Bc6 (40... Be8 $16 41. Ra7+ Nd7) 41. Ra5 Nd7 42. Ra6 Bg2 43. Rd6 Nf8 44. d4 Ne6 45. d5 (45. Kf2 $16 Be4 46. Ke3) 45... Nf8 $11 {The position is equal.} 46. Rc6 Nd7 $1 47. Rc7 Ke7 48. Rc6 Kf7 49. Rc7 Ke7 50. Rc6 {Accuracy: White = 71%, Black = 62%.} 1/2-1/2